000 02106cam a2200337 a 4500
001 5490988
003 ARRUPE
005 20160330111653.0
008 050819s2005 mnu b 001 0 eng
010 _a 2005024277
015 _aGBA575566
_2bnb
016 7 _a013287861
_2Uk
020 _a0800637623 (alk. paper)
035 _a(OCoLC)OCM61453905
035 _a(NNC)5490988
040 _aDLC
_cDLC
_dUKM
_dBAKER
_dC#P
_dOrLoB-B
050 0 0 _aBT103
_b.M34 2005
082 0 0 _a233/.5
_222
100 1 _aMcFarland, Ian A.
_q(Ian Alexander),
_d1963-
_922876
245 1 4 _aThe divine image :
_benvisioning the invisible God /
_cIan A. McFarland.
260 _aMinneapolis :
_bFortress Press,
_cc2005.
300 _aix, 214 p. ;
_c23 cm.
504 _aIncludes bibliographical references (p. 169-209) and index.
505 0 0 _g1.
_tThe image of God as a theological problem --
_g2.
_tThe ambiguity of images --
_g3.
_tThe image of God in Christ --
_g4.
_tThe image of God in human beings : developing protocols of discernment --
_g5.
_tDiscernment as communal discipline : the protocols of service --
_g6.
_tDiscernment as personal discipline : the protocols of chastity --
_g7.
_tDiscernment in ecclesial formation : the sacraments as protocols --
_g8.
_tSeeing the divine image.
520 1 _a"Theologian Ian McFarland claims that Christians have mainly misappropriated the "image of God" language for 2,000 years and thereby missed a vital resource for our knowledge of God." "Rather than referring to some germinal divine element in humans, such as reason, McFarland claims that the image of God in us tells us something about God's characteristics and how we know them. It tells us that God, though not identical with us, communicates God's own self to us in creative love. This communication offers precious clues about God's transcendence, immanence, triune life, self-disclosure, incarnation, and intentions for human life."--BOOK JACKET.
650 0 _aImage of God.
_91868
900 _bTOC
942 _2lcc
_cMONOGRAPH
948 1 _a20060106
_bc
_cdc21
_dMPS
948 2 _a20060119
_ba
_cjeb52
_dMPS
999 _c124354
_d124354